Longman Elelmentary Dictionary/ (Record no. 176272)

MARC details
000 -LEADER
fixed length control field 02330nam a22001817a 4500
005 - DATE AND TIME OF LATEST TRANSACTION
control field 20201208154003.0
010 ## - LCCN (DPL NO)
LC control number ENG-128640
020 ## - INTERNATIONAL STANDARD BOOK NUMBER
International Standard Book Number 978-93-901-6881-1
Terms of availability 295.00
035 ## - SYSTEM CONTROL NUMBER
System control number EN-112172
037 ## - SOURCE OF ACQUISITION
Source of stock number/acquisition DBAD/PUB
082 ## - DEWEY DECIMAL CLASSIFICATION NUMBER
Classification number 483
245 ## - TITLE STATEMENT
Title Longman Elelmentary Dictionary/
250 ## - EDITION STATEMENT
Edition statement Updated Edition
260 ## - PUBLICATION, DISTRIBUTION, ETC. (IMPRINT)
Place of publication, distribution, etc Uttar Pradesh
Name of publisher, distributor, etc Pearson India Education Services Pvt. Ltd.
Date of publication, distribution, etc 2021
270 ## - ADDRESS
City Uttar Pradesh
Postal code 201301
Address 15th Floor, Tower-B, World Trade Tower, Plot No.- 1, Block-C, Sector-16, Noida
Electronic mail address companysecretary.india@pearson.com
Telephone number 044-66540100
300 ## - PHYSICAL DESCRIPTION
Extent 211p.
Dimensions 26cm(pbk)
Other physical details Including illustrations.
942 ## - ADDED ENTRY ELEMENTS (KOHA)
Source of classification or shelving scheme Dewey Decimal Classification
Item type English Books
Classification part 483
Call number suffix LON
Holdings
Withdrawn status Lost status Not for loan Collection code Home library Current library Date acquired Source of acquisition Cost, normal purchase price Full call number Barcode Copy number Cost, replacement price Koha item type
      Non-fiction Central Library Central Library 08/12/2020 DBAD/PUB 295.00 483 LON EN-112172 1 295.00 English Books

© Delhi Public Library
Hit Counter
free hit counter